Normal view
MARC view
- شابرا، محمد عمر ؛ ترجمة محمود أحمد مهدي
Entry Personal Name
001 - CONTROL NUMBER
- control field: 52421
003 - CONTROL NUMBER IDENTIFIER
- control field: JO-AjAnu
005 - DATE AND TIME OF LATEST TRANSACTION
- control field: 20230606082621.0
008 - FIXED-LENGTH DATA ELEMENTS
- fixed length control field: 230606|| aca||aabn | a|a d
040 ## - CATALOGING SOURCE
- Original cataloging agency: JO-AjAnu
- Transcribing agency: JO-AjAnu
100 ## - HEADING--PERSONAL NAME
- Personal name: شابرا، محمد عمر ؛ ترجمة محمود أحمد مهدي
670 ## - SOURCE DATA FOUND
- Source citation: Work cat.: (JO-AjAnu)26788: شابرا، محمد عمر ؛ ترجمة محمود أحمد مهدي, author, الرؤية الإسلامية للتنمية في ضوء مقاصد الشريعة